[Event "61st POL-ch (w)"]
[Site "Bogatynia POL"]
[Date "2009.07.23"]
[Round "5"]
[White "Zawadzka, Jolanta"]
[Black "Warakomska, Anna"]
[Result "1-0"]
[WhiteElo "2387"]
[BlackElo "2193"]
[EventDate "2009.07.19"]
[PlyCount "63"]

1.e4 e5 2.Nf3 Nc6 3.Bb5 a6 4.Ba4 Nf6 5.O-O Be7 6.Re1 b5 7.Bb3 d6 8.c3 O-O 
9.d4 Bg4 10.d5 Na5 11.Bc2 c6 12.h3 Bc8 13.dxc6 h6 14.Nbd2 Be6 15.Nf1 Qc7 
16.Ng3 Rfe8 17.Nh4 Qxc6 18.Nhf5 Bf8 19.Qf3 Nd7 20.Rd1 Nc4 21.a4 bxa4 22.
Bxa4 Qc7 23.Nh5 Kh8 24.Bxd7 Qxd7 25.Nxh6 gxh6 26.Qf6+ Kh7 27.Qh4 Be7 28.
Nf6+ Bxf6 29.Qxf6 Rh8 30.Rd3 Ne3 31.Bxe3 Bxh3 32.Rxd6 1-0

[Event "61st POL-ch (w)"]
[Site "Bogatynia POL"]
[Date "2009.07.24"]
[Round "6"]
[White "Jakubiec, Edyta"]
[Black "Szczepkowska-Horowska, Karina"]
[Result "0-1"]
[WhiteElo "2217"]
[BlackElo "2327"]
[EventDate "2009.07.19"]
[PlyCount "46"]

1.Nf3 Nf6 2.c4 d6 3.d4 Nbd7 4.Nc3 e5 5.Bg5 Be7 6.e3 O-O 7.Qc2 c6 8.O-O-O 
Qa5 9.Bd3 Re8 10.h4 a6 11.g4 Nf8 12.Bxf6 Bxf6 13.g5 Be7 14.Rdg1 exd4 15.
Nxd4 Bd7 16.Ne4 Qd8 17.h5 d5 18.Ng3 dxc4 19.Bxh7+ Nxh7 20.g6 Nf8 21.h6 
Nxg6 22.Nh5 Qa5 23.Qxc4 Qc5 0-1

[Event "61st POL-ch (w)"]
[Site "Bogatynia POL"]
[Date "2009.07.24"]
[Round "6"]
[White "Jaracz, Barbara"]
[Black "Kadziolka, Beata"]
[Result "0-1"]
[WhiteElo "2306"]
[BlackElo "2289"]
[EventDate "2009.07.19"]
[PlyCount "84"]

1.e4 c5 2.Nf3 d6 3.d4 cxd4 4.Nxd4 Nf6 5.Nc3 a6 6.Be3 e5 7.Nb3 Be7 8.f3 Be6
9.Qd2 O-O 10.O-O-O Qc7 11.g4 Rc8 12.g5 Nh5 13.Kb1 Nd7 14.f4 exf4 15.Bxf4 
Nxf4 16.Qxf4 Ne5 17.h4 b5 18.Rh2 b4 19.Nd5 Bxd5 20.exd5 a5 21.Nd4 a4 22.
Rh3 Ra5 23.Qe4 Bf8 24.Bd3 Nxd3 25.cxd3 a3 26.Nc6 axb2 27.Rh2 b3 28.Rxb2 
Rxa2 29.Rdd2 Qb6 30.Qd4 Rca8 31.Kc1 Ra1+ 32.Rb1 Rxb1+ 33.Kxb1 Qa6 34.h5 
Re8 35.Kb2 Re1 36.Kc3 Qa3 37.Rb2 Rc1+ 38.Kd2 Qa1 39.Rxb3 Rd1+ 40.Ke2 Re1+ 
41.Kf2 Qd1 42.Rb2 Rf1+ 0-1

[Event "61st POL-ch (w)"]
[Site "Bogatynia POL"]
[Date "2009.07.24"]
[Round "6"]
[White "Majdan, Joanna"]
[Black "Przezdziecka, Marta"]
[Result "1-0"]
[WhiteElo "2382"]
[BlackElo "2285"]
[EventDate "2009.07.19"]
[PlyCount "183"]

1.e4 c5 2.Nf3 d6 3.d4 cxd4 4.Nxd4 Nf6 5.Nc3 Nc6 6.f3 e5 7.Nb3 Be7 8.Be3 
O-O 9.Qd2 Be6 10.Nd5 Bxd5 11.exd5 Nb8 12.c4 a5 13.Rd1 Nfd7 14.Be2 f5 15.
Qc2 Na6 16.O-O Rc8 17.Qd2 f4 18.Bf2 b6 19.Bd3 Bh4 20.Qe1 Bxf2+ 21.Rxf2 
Nac5 22.Nxc5 Nxc5 23.Bb1 Rb8 24.Qf1 Qd7 25.Bd3 Qc7 26.Rc2 g6 27.b3 Rbe8 
28.Qe2 g5 29.Be4 Qg7 30.Rc3 Qc7 31.Kf1 Rc8 32.Rdc1 Kg7 33.Bb1 Kh8 34.Re1 
Qg7 35.Rcc1 g4 36.Kg1 h5 37.Bc2 Rce8 38.Be4 Qg5 39.Rc3 Rg8 40.Qd2 Ref8 41.
a3 Rg7 42.b4 axb4 43.axb4 Nxe4 44.fxe4 h4 45.Kh1 Qh5 46.c5 bxc5 47.bxc5 
dxc5 48.d6 f3 49.d7 Rd8 50.Rd3 fxg2+ 51.Kxg2 g3 52.h3 Rf7 53.Kg1 Qh7 54.
Rd1 g2 55.Qg5 Rf1+ 56.Kxg2 Rff8 57.Qxe5+ Qg7+ 58.Qxg7+ Kxg7 59.e5 Kf7 60.
Kf3 Ke7+ 61.Ke4 c4 62.Rc3 Rxd7 63.Rxd7+ Kxd7 64.Rxc4 Rf1 65.Rc3 Ra1 66.
Rd3+ Ke6 67.Rd6+ Ke7 68.Rh6 Ra3 69.Kf5 Rxh3 70.Rh7+ Kd8 71.Ke6 Rh1 72.Rh8+
Kc7 73.Ke7 h3 74.e6 h2 75.Rh6 Kc8 76.Rh3 Kc7 77.Rc3+ Kb7 78.Rc2 Kb6 79.Re2
Kc7 80.Ke8 Kc8 81.Rc2+ Kb7 82.e7 Kb6 83.Re2 Kc7 84.Rf2 Kd6 85.Rd2+ Kc7 86.
Rc2+ Kd6 87.Kd8 Ra1 88.Rd2+ Kc5 89.Rxh2 Rd1+ 90.Kc7 Re1 91.Rh5+ Kb4 92.Kd6
1-0

[Event "61st POL-ch (w)"]
[Site "Bogatynia POL"]
[Date "2009.07.24"]
[Round "6"]
[White "Rajlich, Iweta"]
[Black "Zawadzka, Jolanta"]
[Result "1/2-1/2"]
[WhiteElo "2448"]
[BlackElo "2387"]
[EventDate "2009.07.19"]
[PlyCount "198"]

1.d4 d5 2.c4 c6 3.Nf3 e6 4.Qc2 dxc4 5.Qxc4 b5 6.Qc2 Bb7 7.e4 Nd7 8.Bd3 a6 
9.a4 Rc8 10.Qe2 Qc7 11.O-O Ngf6 12.Bg5 h6 13.Bh4 Nh5 14.Bg3 Nxg3 15.hxg3 
e5 16.Rc1 exd4 17.axb5 axb5 18.Bxb5 Bc5 19.Bd3 O-O 20.e5 Rce8 21.Qe4 f5 
22.Qf4 Bb6 23.Na3 Nxe5 24.Nxe5 Rxe5 25.Nc4 Re7 26.Nxb6 Qxb6 27.g4 c5 28.
gxf5 Bd5 29.Ra6 Qc7 30.Qxc7 Rxc7 31.Rd6 Ba2 32.Rxd4 cxd4 33.Rxc7 Rb8 34.b4
Rxb4 35.Kh2 Kf8 36.Rd7 Bf7 37.f3 Be8 38.Rd6 Ke7 39.Re6+ Kf7 40.Kg3 Bd7 41.
Ra6 Ba4 42.Be4 Bb3 43.Ra7+ Kf6 44.Rd7 Bf7 45.Kf4 Ra4 46.Bc2 Rb4 47.Bd3 Ra4
48.g4 Bb3 49.Rc7 Bd5 50.Rc5 Ra3 51.Be4 Bf7 52.Rc6+ Ke7 53.Ke5 d3 54.Rc7+ 
Kf8 55.Rd7 Be8 56.Rd6 Ke7 57.Re6+ Kf7 58.Rb6 Ke7 59.Rb7+ Kf8 60.Rb4 Ke7 
61.Rd4 Bb5 62.Kf4 Ra2 63.Bxd3 Ra4 64.Rxa4 Bxa4 65.Ke5 Bd1 66.Be4 Be2 67.
Bc6 Kf7 68.Bd5+ Ke7 69.Kf4 Kf6 70.Be4 Bd1 71.Bd3 Ke7 72.Ke3 Kf6 73.Be2 Ba4
74.Bd3 Bd1 75.Kf4 Ke7 76.Kg3 Kf6 77.f4 Ba4 78.Kf3 Bd1+ 79.Be2 Ba4 80.Ke4 
Bc6+ 81.Ke3 Be8 82.Bd3 Bc6 83.Kf2 Ba4 84.Kg3 Bc6 85.Kh4 Bd7 86.Be4 Bc8 87.
Kh5 Bd7 88.Kh4 Bc8 89.Bf3 Ba6 90.Kh5 Bd3 91.Kh4 Bxf5 92.gxf5 Kxf5 93.Kg3 
g5 94.Bg4+ Kf6 95.f5 h5 96.Bh3 g4 97.Bxg4 hxg4 98.Kxg4 Kf7 99.f6 Kxf6 
1/2-1/2

[Event "61st POL-ch (w)"]
[Site "Bogatynia POL"]
[Date "2009.07.24"]
[Round "6"]
[White "Toma, Katarzyna"]
[Black "Krupa, Monika"]
[Result "1-0"]
[WhiteElo "2261"]
[BlackElo "2229"]
[EventDate "2009.07.19"]
[PlyCount "65"]

1.e4 c5 2.Nf3 Nc6 3.Nc3 Nf6 4.Bb5 g6 5.e5 Ng4 6.Bxc6 dxc6 7.h3 Nh6 8.d3 
Nf5 9.Ne4 Bg7 10.c3 b6 11.g4 Nh6 12.Bf4 f5 13.exf6 exf6 14.Nd6+ Kf8 15.Qd2
Nf7 16.Nxc8 Rxc8 17.O-O-O Qd5 18.Nh2 Qxa2 19.Rhe1 h5 20.Qe3 Kg8 21.Qe4 g5 
22.Qf5 Rf8 23.Bd2 Qd5 24.Re7 Qd6 25.Rde1 Qxh2 26.Rxf7 Rxf7 27.Re8+ Rf8 28.
Qe6+ Kh7 29.Qf5+ Kg8 30.Qe6+ Kh7 31.Qf5+ Kh6 32.Re6 hxg4 33.Bxg5+ 1-0

[Event "61st POL-ch (w)"]
[Site "Bogatynia POL"]
[Date "2009.07.24"]
[Round "6"]
[White "Warakomska, Anna"]
[Black "Kulon, Klaudia"]
[Result "1-0"]
[WhiteElo "2193"]
[BlackElo "2251"]
[EventDate "2009.07.19"]
[PlyCount "71"]

1.e4 c5 2.Nf3 d6 3.d4 cxd4 4.Nxd4 Nf6 5.Nc3 Nc6 6.Bg5 Bd7 7.Qd2 Rc8 8.Nxc6
Bxc6 9.f3 a6 10.O-O-O Qa5 11.Kb1 b5 12.h4 b4 13.Ne2 h6 14.Be3 e5 15.Nc1 
Bb7 16.Bd3 Be7 17.g4 h5 18.g5 Nd7 19.a3 g6 20.axb4 Qa4 21.c3 a5 22.b5 Nc5 
23.Qc2 Qxc2+ 24.Bxc2 Ne6 25.Nb3 Ra8 26.Bb6 Kd7 27.Nxa5 Rhb8 28.Nc4 Nf4 29.
Bc5 d5 30.Nb6+ Ke6 31.Bxe7 Kxe7 32.Nxa8 Bxa8 33.exd5 Nxd5 34.Rhe1 f6 35.c4
Nf4 36.gxf6+ 1-0

[Event "61st POL-ch (w)"]
[Site "Bogatynia POL"]
[Date "2009.07.25"]
[Round "7"]
[White "Kadziolka, Beata"]
[Black "Jakubiec, Edyta"]
[Result "1-0"]
[WhiteElo "2289"]
[BlackElo "2217"]
[EventDate "2009.07.19"]
[PlyCount "75"]

1.e4 c5 2.Nf3 Nc6 3.d4 cxd4 4.Nxd4 Nf6 5.Nc3 e5 6.Ndb5 d6 7.a4 a6 8.Na3 
Bg4 9.Be2 Bxe2 10.Qxe2 d5 11.exd5 Nxd5 12.Nxd5 Qxd5 13.O-O Be7 14.c3 O-O 
15.Be3 Rfd8 16.Bb6 Rd6 17.Rad1 Qb3 18.Rxd6 Bxd6 19.Nc4 Bf8 20.a5 Re8 21.
Rd1 Qb5 22.Qd3 g6 23.g3 Re6 24.Qd5 Qxd5 25.Rxd5 f5 26.h4 h6 27.f3 e4 28.
Kf2 exf3 29.Kxf3 Kg7 30.h5 Kf6 31.hxg6 Kxg6 32.Bd4 Be7 33.Rd7 Bd8 34.Bb6 
Bxb6 35.axb6 Re4 36.Rd6+ Kg5 37.Rxc6 bxc6 38.Nd6 1-0

[Event "61st POL-ch (w)"]
[Site "Bogatynia POL"]
[Date "2009.07.25"]
[Round "7"]
[White "Krupa, Monika"]
[Black "Jaracz, Barbara"]
[Result "1/2-1/2"]
[WhiteElo "2229"]
[BlackElo "2306"]
[EventDate "2009.07.19"]
[PlyCount "117"]

1.e4 e5 2.Nf3 Nc6 3.Bb5 a6 4.Ba4 Nf6 5.d4 exd4 6.O-O Be7 7.e5 Ne4 8.Re1 
Nc5 9.Bxc6 dxc6 10.Nxd4 O-O 11.Nc3 f5 12.Nce2 Ne6 13.Be3 Nxd4 14.Bxd4 f4 
15.f3 Qe8 16.Qd2 Qf7 17.b3 Be6 18.Rad1 Rad8 19.Qc3 Rd5 20.Qb2 Rfd8 21.Qc1 
Bh4 22.Rf1 Be7 23.Kh1 g5 24.c4 R5d7 25.Bf2 Bb4 26.Rxd7 Qxd7 27.Bd4 c5 28.
Bc3 Qd3 29.Re1 h6 30.a3 Bxc3 31.Nxc3 Qd2 32.Qxd2 Rxd2 33.Ne4 Ra2 34.Nxc5 
Kf7 35.Nxb7 Rxa3 36.Nc5 Ra5 37.b4 Ra3 38.h4 Bxc4 39.hxg5 hxg5 40.Ne4 g4 
41.fxg4 Re3 42.Ng5+ Kg6 43.Rxe3 fxe3 44.Nf3 Be6 45.g5 Kf5 46.Kg1 Bc4 47.
Kh2 Bd5 48.Kg3 Bb7 49.g6 Kxg6 50.Kf4 e2 51.Ne1 Bd5 52.g3 Bc4 53.Ke4 Kg5 
54.Kd4 Bb5 55.Ke3 Kf5 56.Nf3 e1=Q+ 57.Nxe1 Kxe5 58.Nf3+ Kd5 59.Nd2 1/2-1/2

[Event "61st POL-ch (w)"]
[Site "Bogatynia POL"]
[Date "2009.07.25"]
[Round "7"]
[White "Przezdziecka, Marta"]
[Black "Toma, Katarzyna"]
[Result "1-0"]
[WhiteElo "2285"]
[BlackElo "2261"]
[EventDate "2009.07.19"]
[PlyCount "147"]

1.Nf3 Nf6 2.c4 g6 3.Nc3 d5 4.Qa4+ Bd7 5.Qb3 dxc4 6.Qxc4 a6 7.e4 b5 8.Qe2 
c5 9.e5 Nh5 10.Ne4 Bg7 11.Nxc5 Nc6 12.Nxd7 Qxd7 13.g3 Rc8 14.Bg2 O-O 15.
O-O Qd5 16.d4 Nxd4 17.Nxd4 Qxd4 18.Re1 Rfd8 19.Bg5 Qxe5 20.Qxe5 Bxe5 21.
Bxe7 Bxb2 22.Bxd8 Bxa1 23.Re8+ Kg7 24.Bf6+ Nxf6 25.Rxc8 Bd4 26.h3 a5 27.
Rb8 b4 28.Ra8 Bc3 29.Bc6 h5 30.Ra7 Ng8 31.Bd5 Nh6 32.Kg2 Bd2 33.Bb3 Bc3 
34.Rxa5 Bf6 35.Ra7 Bd4 36.Rc7 Be5 37.Rb7 Bd6 38.Kf1 Kf8 39.Ke2 Be7 40.Bc2 
Ng8 41.Be4 Nf6 42.Bc6 Nh7 43.f4 Nf6 44.Kf3 Ng8 45.Ke4 Nh6 46.Bd7 Ng8 47.
Kd4 Nf6 48.Bc6 h4 49.g4 g5 50.Ke5 gxf4 51.Kxf4 Bd6+ 52.Kg5 Be7 53.Kxh4 
Nd5+ 54.Kg3 Nc3 55.Rb8+ Kg7 56.Ra8 Ne2+ 57.Kf2 Nf4 58.Bg2 Bh4+ 59.Kf3 Nd3 
60.Ke4 Nc5+ 61.Kd4 Ne6+ 62.Kc4 Nf4 63.Bf1 Be7 64.Rb8 Kf6 65.h4 Ng6 66.Rb6+
Kg7 67.Rxb4 Bxb4 68.Kxb4 Nxh4 69.a4 Ng6 70.a5 Ne7 71.Kc5 Kf6 72.Bd3 Ke5 
73.a6 Nc8 74.Bf5 1-0

[Event "61st POL-ch (w)"]
[Site "Bogatynia POL"]
[Date "2009.07.25"]
[Round "7"]
[White "Szczepkowska-Horowska, Karina"]
[Black "Warakomska, Anna"]
[Result "1-0"]
[WhiteElo "2327"]
[BlackElo "2193"]
[EventDate "2009.07.19"]
[PlyCount "137"]

1.e4 e5 2.Nf3 Nc6 3.Nc3 Nf6 4.d4 exd4 5.Nxd4 Bb4 6.Nxc6 bxc6 7.Bd3 d5 8.
exd5 cxd5 9.O-O O-O 10.Bg5 c6 11.Qf3 h6 12.Bxf6 Qxf6 13.Qxf6 gxf6 14.Ne2 
Bd6 15.b3 a5 16.Rad1 a4 17.Nd4 c5 18.Nb5 Bb8 19.Nc3 axb3 20.axb3 Bb7 21.
Be2 d4 22.Na4 Bd6 23.Nb6 Rad8 24.Bd3 Bc7 25.Na4 Bd6 26.Rfe1 Bc6 27.Nb6 Bc7
28.Nc4 Rfe8 29.f3 Bd5 30.Nb2 Ba5 31.Rxe8+ Rxe8 32.Kf2 Re3 33.Bc4 Bc3 34.
Nd3 Bxc4 35.bxc4 Bb4 36.Rb1 Kf8 37.Rb3 Re6 38.Nxb4 cxb4 39.Rxb4 Ke7 40.c5 
Rc6 41.Rxd4 Rxc5 42.c4 Ke6 43.Ke3 h5 44.Re4+ Kd6 45.g3 Ra5 46.Kf4 Rc5 47.
Ke3 Ra5 48.Kd4 Ra3 49.Rf4 Ra2 50.Rxf6+ Ke7 51.Rb6 Rxh2 52.Ke5 Re2+ 53.Kf5 
Re3 54.Rb7+ Kd6 55.Kf4 Rc3 56.Rxf7 Rxc4+ 57.Kg5 Ke6 58.Rf6+ Ke7 59.Rf5 Ke6
60.f4 Rc3 61.Re5+ Kf7 62.Kh4 Kg6 63.Rg5+ Kf6 64.Kxh5 Rb3 65.Kg4 Ra3 66.Rb5
Rc3 67.Rb6+ Kf7 68.Kh4 Rc4 69.Kg5 1-0

[Event "61st POL-ch (w)"]
[Site "Bogatynia POL"]
[Date "2009.07.26"]
[Round "8"]
[White "Jaracz, Barbara"]
[Black "Jakubiec, Edyta"]
[Result "1-0"]
[WhiteElo "2306"]
[BlackElo "2217"]
[EventDate "2009.07.19"]
[PlyCount "89"]

1.e4 c5 2.c3 Nf6 3.e5 Nd5 4.d4 cxd4 5.Nf3 e6 6.cxd4 b6 7.Bc4 Bb4+ 8.Nbd2 
Bb7 9.O-O Qc7 10.Bd3 Nc6 11.Ne4 Be7 12.Bg5 f6 13.Bh4 O-O 14.Rc1 Qd8 15.
exf6 Nxf6 16.Bxf6 gxf6 17.d5 exd5 18.Ng3 Rf7 19.Nf5 Bf8 20.Re1 Rc8 21.a3 
d6 22.N3d4 Nxd4 23.Nxd4 Rxc1 24.Qxc1 Re7 25.Nf5 Re5 26.f4 Re4 27.Bxe4 dxe4
28.Qd1 Qd7 29.Qg4+ Kh8 30.Qh5 d5 31.Rd1 a5 32.Nd4 Bc5 33.Qh6 Qe7 34.Kh1 e3
35.Nf5 Qf7 36.b4 axb4 37.axb4 e2 38.Re1 Bf8 39.Qh3 Bxb4 40.Rxe2 Bf8 41.Qe3
b5 42.Qe8 Qxe8 43.Rxe8 Kg8 44.Rb8 Bc6 45.Ne7+ 1-0

[Event "61st POL-ch (w)"]
[Site "Bogatynia POL"]
[Date "2009.07.26"]
[Round "8"]
[White "Krupa, Monika"]
[Black "Przezdziecka, Marta"]
[Result "1-0"]
[WhiteElo "2229"]
[BlackElo "2285"]
[EventDate "2009.07.19"]
[PlyCount "79"]

1.e4 c5 2.Nf3 e6 3.c3 d5 4.e5 Nc6 5.d4 Qb6 6.a3 f6 7.b4 cxd4 8.cxd4 Bd7 9.
Be2 g6 10.O-O Bg7 11.b5 Nce7 12.Nc3 fxe5 13.Nxe5 Nf6 14.Na4 Qd8 15.Nc5 Bc8
16.a4 O-O 17.Ba3 Re8 18.Rc1 Nf5 19.Re1 Ne4 20.Bf3 Ned6 21.Bb2 Qg5 22.Rc2 
b6 23.Ncd3 a6 24.Nb4 axb5 25.Nxd5 Rxa4 26.Nxb6 Ra7 27.Nxc8 Nxc8 28.Nc6 Rf7
29.g3 Na7 30.Nxa7 Rxa7 31.d5 e5 32.d6 Rd8 33.Qd5+ Kh8 34.Bxe5 Rad7 35.Rc7 
Rxc7 36.dxc7 Rxd5 37.Bxd5 Ne7 38.Bxg7+ Kxg7 39.Rxe7+ Qxe7 40.c8=Q 1-0

[Event "61st POL-ch (w)"]
[Site "Bogatynia POL"]
[Date "2009.07.26"]
[Round "8"]
[White "Majdan, Joanna"]
[Black "Kulon, Klaudia"]
[Result "0-1"]
[WhiteElo "2382"]
[BlackElo "2251"]
[EventDate "2009.07.19"]
[PlyCount "98"]

1.Nf3 d5 2.c4 e6 3.e3 c6 4.b3 Nf6 5.Nc3 Bd6 6.Be2 O-O 7.Bb2 a6 8.Qc2 e5 9.
cxd5 cxd5 10.Na4 Nc6 11.Rc1 Bg4 12.h3 Bh5 13.g4 Bg6 14.Qd1 Rc8 15.Kf1 Nd7 
16.h4 f5 17.Ng5 Qf6 18.Bf3 fxg4 19.Bxd5+ Kh8 20.f3 gxf3 21.Rh3 Bh5 22.Nc3 
Nc5 23.Nce4 Nxe4 24.Bxe4 h6 25.Kf2 g6 26.Qh1 Rcd8 27.d3 Bb8 28.Nxf3 Ba7 
29.Qh2 Kh7 30.Ke2 Rfe8 31.Qg2 Qd6 32.a3 Qe6 33.Rc3 Rd7 34.Rg3 Ne7 35.Rc4 
Nf5 36.Bxf5 Qxf5 37.Re4 Red8 38.Rxe5 Qxd3+ 39.Kf2 Qb1 40.Bd4 Rc8 41.Nd2 
Rf7+ 42.Rf3 Bxf3 43.Nxb1 Bxg2+ 44.Kxg2 Bxd4 45.exd4 Rc2+ 46.Kg3 Rf1 47.
Re7+ Kg8 48.d5 Rxb1 49.d6 Rd1 0-1

[Event "61st POL-ch (w)"]
[Site "Bogatynia POL"]
[Date "2009.07.26"]
[Round "8"]
[White "Rajlich, Iweta"]
[Black "Szczepkowska-Horowska, Karina"]
[Result "1/2-1/2"]
[WhiteElo "2448"]
[BlackElo "2327"]
[EventDate "2009.07.19"]
[PlyCount "68"]

1.d4 d6 2.Nf3 Bg4 3.c4 Nd7 4.e3 Bxf3 5.Qxf3 Rb8 6.Nc3 g6 7.h4 h5 8.g4 hxg4
9.Qxg4 Ngf6 10.Qg2 c5 11.d5 a6 12.Bd2 Qb6 13.O-O-O Bg7 14.f4 Nh5 15.Bd3 
Kd8 16.Be1 Kc7 17.Qc2 Rbd8 18.Na4 Qa7 19.Be2 Kb8 20.Rd3 Rdg8 21.Rb3 f5 22.
Rg1 Bf6 23.Kb1 Ka8 24.Bxh5 Rxh5 25.e4 Bd4 26.Rg5 Bf6 27.exf5 Bxg5 28.fxg5 
Qb8 29.Re3 Qf8 30.fxg6 Ne5 31.Rxe5 dxe5 32.Nxc5 Qf1 33.Qe4 Qg1 34.Ne6 Rxg6
1/2-1/2

[Event "61st POL-ch (w)"]
[Site "Bogatynia POL"]
[Date "2009.07.26"]
[Round "8"]
[White "Toma, Katarzyna"]
[Black "Zawadzka, Jolanta"]
[Result "1-0"]
[WhiteElo "2261"]
[BlackElo "2387"]
[EventDate "2009.07.19"]
[PlyCount "101"]

1.e4 c5 2.Nf3 e6 3.d4 cxd4 4.Nxd4 Nc6 5.Nxc6 bxc6 6.Bd3 d5 7.O-O Qc7 8.Nc3
Nf6 9.f4 Be7 10.Qe2 Bb7 11.Kh1 c5 12.Nb1 d4 13.Nd2 O-O 14.Nc4 Nd7 15.Bd2 
Rae8 16.Rf3 f5 17.Rh3 g6 18.Re1 fxe4 19.Bxe4 Bxe4 20.Qxe4 Bf6 21.Ba5 Nb6 
22.Rb3 Bg7 23.g3 e5 24.Bxb6 axb6 25.fxe5 Kh8 26.e6 Rb8 27.e7 Rfe8 28.Qe6 
Rb7 29.Rxb6 Rxb6 30.Qxb6 Qxb6 31.Nxb6 Bf6 32.Nd5 Kg7 33.b3 Bg5 34.h4 Bd2 
35.Re2 Ba5 36.Re6 Kf7 37.Rf6+ Kg7 38.Ra6 Bb4 39.a4 Kf7 40.Kg2 Ba3 41.Kf3 
c4 42.bxc4 Rc8 43.Rf6+ Kg7 44.Re6 Kf7 45.Re4 Bc5 46.a5 h6 47.a6 g5 48.h5 
Re8 49.Kg4 Rc8 50.a7 Bxa7 51.Nc7 1-0

[Event "61st POL-ch (w)"]
[Site "Bogatynia POL"]
[Date "2009.07.26"]
[Round "8"]
[White "Warakomska, Anna"]
[Black "Kadziolka, Beata"]
[Result "1/2-1/2"]
[WhiteElo "2193"]
[BlackElo "2289"]
[EventDate "2009.07.19"]
[PlyCount "79"]

1.e4 c5 2.Nf3 d6 3.d4 cxd4 4.Nxd4 Nf6 5.Nc3 Bd7 6.Be2 e5 7.Nf3 Bc6 8.Bg5 
Nbd7 9.Nd2 h6 10.Bh4 Be7 11.O-O O-O 12.Bf3 Nxe4 13.Ndxe4 Bxh4 14.Nxd6 Qb6 
15.Bxc6 Qxc6 16.Qg4 Bg5 17.Nf5 g6 18.Qxg5 hxg5 19.Ne7+ Kg7 20.Nxc6 bxc6 
21.Ne4 g4 22.Rad1 Nb6 23.Rd6 Nc4 24.Rxc6 Nxb2 25.Rb1 Rab8 26.g3 f5 27.Rc7+
Kg8 28.Ng5 Na4 29.Rxb8 Rxb8 30.h3 gxh3 31.Rxa7 Nc3 32.Kh2 Rb2 33.Kxh3 Rxa2
34.Rxa2 Nxa2 35.Nf3 e4 36.Nd4 Nc3 37.g4 fxg4+ 38.Kxg4 Kf7 39.Kf4 Nd1 40.
Kxe4 1/2-1/2

[Event "61st POL-ch (w)"]
[Site "Bogatynia POL"]
[Date "2009.07.27"]
[Round "9"]
[White "Jakubiec, Edyta"]
[Black "Warakomska, Anna"]
[Result "1-0"]
[WhiteElo "2217"]
[BlackElo "2193"]
[EventDate "2009.07.19"]
[PlyCount "69"]

1.e4 e5 2.f4 exf4 3.Nf3 Ne7 4.d4 d5 5.Qe2 dxe4 6.Qxe4 Nc6 7.Bc4 Bf5 8.Qxf4
Bg6 9.O-O Qd7 10.c3 O-O-O 11.Ng5 Nf5 12.Nxf7 Bd6 13.Qg5 Bxf7 14.Bxf7 g6 
15.Bc4 Rhf8 16.Nd2 Rde8 17.Nf3 Re4 18.Bd3 h6 19.Qxg6 Nce7 20.Qh5 Ng7 21.
Qh3 Qxh3 22.gxh3 Re6 23.Bd2 Nh5 24.Ne5 Rg8+ 25.Kh1 c6 26.Nf7 Bc7 27.Rf3 
Kb8 28.Raf1 Nd5 29.Nxh6 Rge8 30.Rf8 Nhf4 31.Rxe8+ Rxe8 32.Bc4 Ne3 33.Re1 
Nfg2 34.Re2 Rf8 35.Bxe3 1-0

[Event "61st POL-ch (w)"]
[Site "Bogatynia POL"]
[Date "2009.07.27"]
[Round "9"]
[White "Kadziolka, Beata"]
[Black "Rajlich, Iweta"]
[Result "0-1"]
[WhiteElo "2289"]
[BlackElo "2448"]
[EventDate "2009.07.19"]
[PlyCount "80"]

1.Nf3 Nf6 2.c4 g6 3.Nc3 d5 4.Qa4+ Bd7 5.Qb3 dxc4 6.Qxc4 a6 7.d4 Bg7 8.e4 
b5 9.Qb3 c5 10.dxc5 O-O 11.Be2 Be6 12.Qc2 Nbd7 13.Be3 Rc8 14.c6 Rxc6 15.
Nd4 Rd6 16.Nxe6 Rxe6 17.f3 Rc6 18.O-O Nb6 19.Qb3 Nfd7 20.a4 Nc5 21.Bxc5 
Rxc5 22.axb5 a5 23.Na4 Nxa4 24.Rxa4 Qd2 25.Qd3 Rd8 26.Qxd2 Rxd2 27.Re1 
Rxb2 28.Bf1 Bc3 29.Rd1 h5 30.f4 h4 31.e5 h3 32.g3 Bb4 33.Bd3 Rc3 34.Raa1 
Bc5+ 35.Kh1 a4 36.e6 f5 37.Rac1 Rxc1 38.Rxc1 Be3 39.Ra1 a3 40.Bc4 Bd4 0-1

[Event "61st POL-ch (w)"]
[Site "Bogatynia POL"]
[Date "2009.07.27"]
[Round "9"]
[White "Kulon, Klaudia"]
[Black "Toma, Katarzyna"]
[Result "1-0"]
[WhiteElo "2251"]
[BlackElo "2261"]
[EventDate "2009.07.19"]
[PlyCount "95"]

1.e4 c5 2.Nf3 Nc6 3.Bb5 e6 4.O-O Nge7 5.c3 a6 6.Ba4 c4 7.Bc2 d5 8.Re1 Bd7 
9.b3 cxb3 10.axb3 dxe4 11.Bxe4 Ng6 12.d4 Be7 13.Ba3 Bxa3 14.Nxa3 O-O 15.
Nc4 Rc8 16.g3 f5 17.Bd3 Nce7 18.Nd6 Rc7 19.Ng5 Nd5 20.c4 Qxg5 21.cxd5 exd5
22.Qf3 f4 23.Bxg6 hxg6 24.Re5 Qg4 25.Qxd5+ Kh7 26.Rg5 Qe2 27.Qe5 Rc2 28.
Qxe2 Rxe2 29.g4 Kh6 30.h4 f3 31.Nxb7 Rf6 32.Nc5 Bc8 33.Rd1 Rf4 34.Kh2 Rxg4
35.Rxg4 Bxg4 36.Kg3 Bf5 37.d5 Rc2 38.Nxa6 Rc8 39.d6 Rc6 40.d7 Bxd7 41.Nb8 
Rb6 42.Nxd7 Rxb3 43.Ne5 Rb8 44.Nf7+ Kh7 45.Rd8 Rxd8 46.Nxd8 Kh6 47.Nf7+ 
Kh5 48.Kh3 1-0

[Event "61st POL-ch (w)"]
[Site "Bogatynia POL"]
[Date "2009.07.27"]
[Round "9"]
[White "Przezdziecka, Marta"]
[Black "Jaracz, Barbara"]
[Result "0-1"]
[WhiteElo "2285"]
[BlackElo "2306"]
[EventDate "2009.07.19"]
[PlyCount "168"]

1.d4 Nf6 2.c4 g6 3.Nc3 d5 4.Bg5 Ne4 5.Bh4 Nxc3 6.bxc3 dxc4 7.e3 Be6 8.Rb1 
b6 9.Nh3 Bh6 10.Bg5 Bg7 11.Nf4 Bd5 12.Nxd5 Qxd5 13.Bh4 O-O 14.Be2 e5 15.
O-O c6 16.Qc2 Nd7 17.e4 Qe6 18.Rfd1 b5 19.a4 a6 20.d5 Qd6 21.dxc6 Qxc6 22.
Rd5 Rfb8 23.Rbd1 Nc5 24.axb5 axb5 25.Be7 Ne6 26.g3 h5 27.Bf1 Ra7 28.Bb4 
Qa8 29.Qe2 Ra1 30.h4 Rxd1 31.Qxd1 Qa2 32.Rd7 Ra8 33.Qf3 f6 34.Bh3 Qb1+ 35.
Rd1 Nd4 36.Rxb1 Nxf3+ 37.Kg2 Nd2 38.Rb2 Nb3 39.Bd7 Rb8 40.Ra2 Bf8 41.Be6+ 
Kh8 42.Bxf8 Rxf8 43.Ra7 Nc5 44.Bd5 Na4 45.Bxc4 Nxc3 46.Bb3 Rb8 47.Kf3 b4 
48.Ke3 Nb5 49.Ra1 Nd4 50.Rb1 Rc8 51.Kd2 Kg7 52.Ba4 Rb8 53.Bb3 Kf8 54.Kd3 
Nxb3 55.Rxb3 Rd8+ 56.Kc2 Rd4 57.Re3 Ke7 58.f3 Kd6 59.Re1 Kc5 60.g4 Kc4 61.
gxh5 gxh5 62.Re3 Rd7 63.f4 Rg7 64.fxe5 Rg2+ 65.Kb1 fxe5 66.Rf3 b3 67.Rf5 
Kc3 68.Rf3+ Kb4 69.Rf8 Rh2 70.Re8 Kc3 71.Rc8+ Kd4 72.Rb8 b2 73.Rb4+ Kc3 
74.Rb3+ Kd4 75.Rb4+ Ke3 76.Ra4 Rxh4 77.Ra3+ Kf2 78.Ra4 Rh1+ 79.Kxb2 h4 80.
Ra5 Re1 81.Rxe5 h3 82.Rh5 Kg3 83.Rg5+ Kh4 84.Rg8 h2 0-1

[Event "61st POL-ch (w)"]
[Site "Bogatynia POL"]
[Date "2009.07.27"]
[Round "9"]
[White "Szczepkowska-Horowska, Karina"]
[Black "Majdan, Joanna"]
[Result "0-1"]
[WhiteElo "2327"]
[BlackElo "2382"]
[EventDate "2009.07.19"]
[PlyCount "76"]

1.e4 c5 2.d3 Nc6 3.g3 d6 4.Bg2 g6 5.f4 Bg7 6.Nf3 Nf6 7.O-O O-O 8.c3 Rb8 9.
h3 b5 10.a3 a5 11.Be3 b4 12.axb4 axb4 13.Bf2 bxc3 14.bxc3 Nd7 15.d4 cxd4 
16.cxd4 Nb4 17.Ra3 d5 18.e5 Nb6 19.g4 Bd7 20.Nh2 Nc4 21.Rg3 Bb5 22.Qf3 Nb2
23.Re1 N2d3 24.Rd1 f6 25.e6 f5 26.g5 Qb6 27.Kh1 Bxd4 28.Bxd4 Qxd4 29.Rf1 
Ra8 30.Qe3 Qxe3 31.Rxe3 Ra1 32.Kg1 d4 33.Rg3 Rc8 34.Nd2 Nc1 35.Rgf3 Bxf1 
36.Nhxf1 Rc3 37.Kf2 Nbd3+ 38.Kg3 Ne1 0-1

[Event "61st POL-ch (w)"]
[Site "Bogatynia POL"]
[Date "2009.07.27"]
[Round "9"]
[White "Zawadzka, Jolanta"]
[Black "Krupa, Monika"]
[Result "1-0"]
[WhiteElo "2387"]
[BlackElo "2229"]
[EventDate "2009.07.19"]
[PlyCount "81"]

1.e4 c5 2.Nf3 Nc6 3.d4 cxd4 4.Nxd4 Nf6 5.Nc3 e5 6.Ndb5 d6 7.Bg5 a6 8.Na3 
b5 9.Nd5 Be7 10.Bxf6 Bxf6 11.c3 O-O 12.Nc2 Rb8 13.Be2 Bg5 14.Qd3 Be6 15.
Rd1 Bxd5 16.Qxd5 Qb6 17.O-O Rfd8 18.Qd3 a5 19.Qf3 Ne7 20.Rd3 d5 21.exd5 f5
22.Rdd1 Qh6 23.c4 e4 24.Qc3 bxc4 25.Bxc4 Bf4 26.g3 Bd6 27.Nd4 f4 28.Ne6 
Ng6 29.Qd4 e3 30.Nxd8 Rxd8 31.Qb6 Rd7 32.fxe3 fxg3 33.hxg3 Qg5 34.Rf2 
Qxg3+ 35.Rg2 Qe5 36.Qd4 Qe7 37.Kf1 Ne5 38.Be2 Bc5 39.Qe4 Qd6 40.Rf2 Qh6 
41.Bg4 1-0

[Event "61st POL-ch (w)"]
[Site "Bogatynia POL"]
[Date "2009.07.28"]
[Round "10"]
[White "Jaracz, Barbara"]
[Black "Warakomska, Anna"]
[Result "0-1"]
[WhiteElo "2306"]
[BlackElo "2193"]
[EventDate "2009.07.19"]
[PlyCount "72"]

1.e4 c5 2.Nf3 d6 3.d4 cxd4 4.Nxd4 Nf6 5.Nc3 a6 6.Bc4 e6 7.Bb3 b5 8.O-O b4 
9.Na4 Bb7 10.Bd2 d5 11.exd5 Nxd5 12.Qh5 Nf6 13.Qh4 Be7 14.Bg5 O-O 15.Rad1 
Qc7 16.Rd3 Nc6 17.Rh3 Nxd4 18.Bxf6 Ne2+ 19.Kh1 Bxg2+ 20.Kxg2 Nf4+ 21.Kh1 
Nxh3 22.Bxe7 Rfe8 23.Bxb4 Nf4 24.Bc3 Rad8 25.Qg3 e5 26.Rg1 g6 27.Qe3 Qc6+ 
28.f3 Nd5 29.Qe4 Qb5 30.Bxe5 Nf6 31.Rxg6+ Kf8 32.c4 Nxe4 33.Bg7+ Kg8 34.
Rg2 Nf2+ 35.Kg1 Nh3+ 36.Kf1 Qxc4+ 0-1

[Event "61st POL-ch (w)"]
[Site "Bogatynia POL"]
[Date "2009.07.28"]
[Round "10"]
[White "Krupa, Monika"]
[Black "Kulon, Klaudia"]
[Result "0-1"]
[WhiteElo "2229"]
[BlackElo "2251"]
[EventDate "2009.07.19"]
[PlyCount "56"]

1.e4 c5 2.Nf3 e6 3.Nc3 a6 4.g3 b5 5.Bg2 Bb7 6.d4 b4 7.Na4 cxd4 8.Nxd4 Nf6 
9.Qe2 d5 10.exd5 Bxd5 11.Bxd5 Qxd5 12.Nf3 Nbd7 13.O-O Qb5 14.Nd4 Qxa4 15.
Nxe6 fxe6 16.Qxe6+ Be7 17.Re1 O-O-O 18.b3 Qb5 19.Re5 Qb7 20.Bf4 Bd6 21.
Qxd6 Nxe5 22.Qxe5 Nd5 23.Qe6+ Rd7 24.Be5 Qb6 25.Qg4 Re8 26.Bxg7 Qe6 27.Qd4
Nc7 28.Qb2 Red8 0-1